000 00622nam a2200241Ia 4500
003 OSt
005 20221007104234.0
006 a|||||r|||| 00| 0
007 ta
008 221006b |||||||| |||| 00| 0 eng d
024 _a15,283
037 _cTextual
040 _aLCO
_cLCO
_beng
041 _2eng
_aeng
082 _aZ3,91ObA, L1
100 _aAchinstein Peter
245 0 _aLaw and Explanation
260 _aLondon
_bOxford Clarendon Press UK
_c1971
300 _a168
650 _aEXPLANATION
_9705922
942 _hZ3,91ObA, L1
_cTEXL
999 _c1184846
_d1184846